000 01439nam1a22003851i 4500
001 v19\rc\1702104
005 20240921155128.0
035 _a(NLR Aleph) 004803732
090 _a4855888
_c4855888
100 _a20061002g18981902|||y0rusy50 ca
101 0 _arus
102 _aRU
105 _a z |||c|
200 1 _aИсторический очерк о регалиях и знаках отличия русской армии
_eПо поручению Глав. интенданта сост. Ген. штаба полк. Николаев. [Т. 1]-3
210 _aСанкт-Петербург
_cГл. интендант. упр.
_d1898-1902
215 _a3 т.
_d26
320 _aБиблиогр. в примеч.
700 1 _4220
_7ca
_8rus
_aНиколаев
_bН. Г.
_cисторик, полковник
_f1859-1900
_gНиколай Геннадиевич
_9153626
_3RU\NLR\AUTH\770153664
801 0 _aRU
_bNLR
_gpsbo
801 0 _aRU
_bRuMoRGB
_2psbo
801 1 _aRU
_bProSoft-M
_2rusmarc
852 _aNLR
_j20.107.2.4
852 _aNLR
_j+Шифры разные
899 _aRuMoRGB
_jA 234/46
899 _aRuMoRGB
_jU 333/22 (т. 1)
899 _aRuMoRGB
_jS 38/267
899 _aRuMoRGB
_jΔм 900/1686
899 _aRuMoRGB
_jU 352/94
899 _aRuMoRGB
_jФ 1-93/10379
899 _aБАН (1-2)
899 _aНБ СПбГУ (1-2)
899 _aГПИБ
899 _aНБ МГУ
942 _cBOOK